000 01389nam a2200361 i 4500
001 000030922
003 DO-SdBNP
005 20250917140057.0
007 ta
008 110607s1969 dr 000 0 spa d
040 _aDO-SdBNP
_bspa
_cBNPHU
_erda
041 _aspa
082 _a972.9302
_bB142p
_222
100 1 _aBáez, Buenaventura,
_d1812 -1944
_eautor
_977576
245 1 0 _aPapeles de Buenaventura Báez /
_c[compilador] Emilio Rodríguez Demorizi.
264 _aSanto Domingo :
_bMontalvo,
_c1969.
300 _a562 páginas ;
_c24 cm.
336 _ardacontent
_btexto
_2txt
337 _ardamedia
_bsin mediación
_2n
338 _ardacarrier
_bvolumen
_2nc
490 1 _aAcademia Dominicana de la Historia
_v21
500 _aIncluye cronología de la vida de Buenaventura Báez.
504 _aIncluye referencias bibliográficas y notas al pie de las páginas.
590 _aInventariado, 2020/MF
600 1 0 _aBáez, Buenaventura,
_d1812 -1944
_977576
651 4 _aRepública Dominicana
_xHistoria
_y1844-1861
_9931
651 4 _aRepública Dominicana
_xHistoria
_yANEXIÓN A ESPAÑA, 1844-1861
_957443
651 4 _aRepública Dominicana
_xHistoria
_y1865-1916
_96305
700 1 2 _aRodríguez Demorizi, Emilio,
_d1908-1986
_ecompilador
_91039
830 _aAcademia Dominicana de la Historia
_v21
_9770
910 _aValidado. Control de calidad MMOLINA
942 _2ddc
_cLBS1
999 _c30414
_d30414